| 000 | 00997nam a2200301 i 4500 | ||
|---|---|---|---|
| 003 | EG-GICUC | ||
| 005 | 20260226110603.0 | ||
| 008 | 260226s1993 ne ||||fr|||| 00| 0 eng d | ||
| 040 |
_aEG-GiCUC _beng _cEG-GiCUC _dEG-GiCUC _erda |
||
| 082 | 0 | 4 |
_221 _a341.69 _bHA |
| 092 | 0 | 4 | _221 |
| 099 | _aLaw1 11 341.69 HA 1993 | ||
| 245 | 1 | 4 |
_aThe Hazards Arising Out of the Peaceful Use of Nuclear Energy / _b _cM. Statius Muller. |
| 246 | 1 | 1 | _aLes Risques Resultant De L'utilisation Pacifique De L'energie Nucleaire |
| 264 | 1 |
_aHague : _bPeace Palace LibraryŁ _c1993. |
|
| 300 |
_a117pages : _billustrations, _c24 cm |
||
| 336 |
_2rda content _atext |
||
| 337 |
_2rda media _aComputer |
||
| 338 |
_2rda carrier _aOnline Resource |
||
| 504 | _a | ||
| 546 | _aText in English | ||
| 650 | 1 | 4 |
_aPublic international law _2 |
| 651 | 1 | _2 | |
| 700 | 1 |
_aMuller, M. Statius _eContributor |
|
| 856 | 4 | 0 | _uhttps://fll.law.cu.edu.eg/fulltext/bks/B11-08036.pdf |
| 905 | _a50 | ||
| 942 |
_2ddc _cBK _e21 _n0 |
||
| 999 |
_c64255 _d64255 |
||